00617nam a2200169Ia 4500008004100000041000800041082001500049100001400064245007100078250001200149260002700161365001600188700003000204906003500234999001900269952015900288230718s9999 xx 000 0 und d aeng a620.1bBEE aBeer F.P. aVector Machanics For EngineersbStatics And Dynamics (In SI Units) a8th ed. bTata Mc-graw Hill Pub. cRs.b525.00 aBeer F.P. & Johnston E.R. dB:201902-Feb-2009cALLEDSb525 c320275d320275 00104070aCCEPbCCEPd2009-02-05eOm Book StallfALLEDSg420.00i2019l0o620.1pCCEP-BK-31482r2023-07-18 00:00:00t525v525.00w2009-02-02yBKz031482